[Event "Nea Filadelfia CC Autumn"]
[Site "Nea Filadelfia"]
[Date "2007.11.03"]
[Round "7.5"]
[White "Andronis, Vasilios"]
[Black "Delithanasis, Dimitrios"]
[Result "1/2-1/2"]
[WhiteElo "2085"]
[BlackElo "2204"]
[PlyCount "85"]
[EventDate "2007.10.11"]
[EventType "tourn"]
[EventRounds "11"]
[EventCountry "GRE"]
[SourceTitle "EXT 2024"]
[Source "ChessBase"]
[SourceDate "2023.10.10"]
[SourceVersion "1"]
[SourceVersionDate "2023.10.10"]
[SourceQuality "1"]

1. c4 Nf6 2. Nc3 d6 3. g3 g6 4. Bg2 Bg7 5. Nf3 0-0 6. 0-0 Nbd7 7. d3 e5 8. Rb1 Nh5 9. b4 h6 10. Qb3 Kh7 11. d4 exd4 12. Nb5 a6 13. Nbxd4 Ne5 14. Bb2 Qe7 15. Rfe1 f5 16. e3 c6 17. Rbc1 Bd7 18. a4 Be8 19. b5 c5 20. Ne2 axb5 21. axb5 Bf7 22. Nf4 Nf6 23. Nxe5 dxe5 24. Nd5 Nxd5 25. Bxd5 Bxd5 26. cxd5 b6 27. Red1 Qd6 28. Ra1 Rxa1 29. Rxa1 Rd8 30. Ra7 Qxd5 31. Qxd5 Rxd5 32. Rb7 c4 33. Rxb6 Rd2 34. Ba3 Ra2 35. Bb4 Rb2 36. Ba5 e4 37. Rb7 Rb1+ 38. Kg2 Kg8 39. b6 Be5 40. Rc7 Rb5 41. Rc8+ Kf7 42. Bd2 Rb2 43. Be1 1/2-1/2

[Event "Athens Glyfada op"]
[Site "Athens"]
[Date "2006.12.29"]
[Round "6"]
[White "Savoglou, Nikolaos"]
[Black "Andronis, Vasilios"]
[Result "0-1"]
[WhiteElo "1931"]
[BlackElo "2077"]
[PlyCount "116"]
[EventDate "2006.12.22"]
[EventType "swiss"]
[EventRounds "7"]
[EventCountry "GRE"]
[SourceTitle "EXT 2024"]
[Source "ChessBase"]
[SourceDate "2023.10.10"]
[SourceVersion "1"]
[SourceVersionDate "2023.10.10"]
[SourceQuality "1"]

1. d4 Nf6 2. c4 e5 3. dxe5 Ng4 4. Nf3 Nc6 5. Bf4 Bb4+ 6. Nbd2 Qe7 7. a3 Ncxe5 8. Nxe5 Nxe5 9. e3 Bxd2+ 10. Qxd2 d6 11. Be2 Bd7 12. 0-0 0-0 13. c5 Bc6 14. cxd6 cxd6 15. Rac1 Rad8 16. Rc3 Rfe8 17. Rfc1 Qf6 18. f3 Qg6 19. Bg3 Kh8 20. Qc2 Qf6 21. b4 h5 22. b5 Bd7 23. Qd2 h4 24. Bxe5 Qxe5 25. a4 Rc8 26. Rxc8 Rxc8 27. Rxc8+ Bxc8 28. Qd4 Qxd4 29. exd4 b6 30. f4 Be6 31. Bd1 g6 32. Kf2 Kg7 33. g3 hxg3+ 34. hxg3 Kf6 35. Ke3 Bd5 36. Bc2 Bc4 37. Ke4 g5 38. Bd1 Be6 39. Ke3 Bd5 40. Bc2 gxf4+ 41. Kxf4 Bc4 42. Bd1 Ke6 43. Bc2 Kd5 44. Ke3 Ba2 45. Kd3 f6 46. Bd1 Bb1+ 47. Kc3 Ke4 48. Kc4 Bd3+ 49. Kc3 Bf1 50. Bg4 Ke3 51. Bf5 Be2 52. Bc2 Bg4 53. Bb3 Kf2 54. Kd2 Kxg3 55. Ke3 Bf3 56. Bc2 Bd5 57. Ke2 Kf4 58. Kf2 Bc4 0-1

[Event "Athens Smaok op 1th"]
[Site "Athens"]
[Date "2006.11.16"]
[Round "2"]
[White "Andronis, Vasilios"]
[Black "Gogolis, Alexandros"]
[Result "1-0"]
[WhiteElo "2076"]
[BlackElo "2276"]
[PlyCount "71"]
[EventDate "2006.11.10"]
[EventType "swiss"]
[EventRounds "6"]
[EventCountry "GRE"]
[SourceTitle "EXT 2024"]
[Source "ChessBase"]
[SourceDate "2023.10.10"]
[SourceVersion "1"]
[SourceVersionDate "2023.10.10"]
[SourceQuality "1"]

1. d4 Nf6 2. Nf3 e6 3. c4 b6 4. g3 Ba6 5. b3 Bb4+ 6. Bd2 Be7 7. Bg2 c6 8. Nc3 d5 9. Ne5 Nfd7 10. 0-0 0-0 11. Nd3 Nf6 12. Bf4 Nbd7 13. Qc2 Rc8 14. cxd5 cxd5 15. Qd2 Rc6 16. a4 Qa8 17. Rfc1 Rfc8 18. Nb5 Ne4 19. Bxe4 dxe4 20. Ne5 Nxe5 21. Bxe5 f6 22. Bf4 g5 23. Be3 Bb7 24. Rxc6 Bxc6 25. Qb2 a6 26. Nc3 Bd5 27. Rc1 h5 28. Nxd5 exd5 29. Rxc8+ Qxc8 30. Qc1 Qd7 31. Qc3 h4 32. Bd2 h3 33. f3 exf3 34. Qxf3 f5 35. Qh5 Qe6 36. Qe8+ 1-0

[Event "Nikaia op 14th"]
[Site "Nikaia"]
[Date "2006.08.??"]
[Round "4"]
[White "Andronis, Vasilios"]
[Black "Liaskos, Leonidas"]
[Result "1/2-1/2"]
[WhiteElo "2079"]
[BlackElo "1824"]
[PlyCount "76"]
[EventDate "2006.08.??"]
[EventType "swiss"]
[EventRounds "9"]
[EventCountry "GRE"]
[SourceTitle "EXT 2008"]
[Source "ChessBase"]
[SourceDate "2007.11.25"]
[SourceVersion "1"]
[SourceVersionDate "2007.11.25"]
[SourceQuality "1"]

1. c4 Nf6 2. Nc3 g6 3. g3 Bg7 4. Bg2 d6 5. Nf3 0-0 6. 0-0 e5 7. d3 Nc6 8. Rb1 a6 9. b4 Nh5 10. Nd5 f5 11. Bg5 Nf6 12. b5 axb5 13. cxb5 Ne7 14. Nxf6+ Bxf6 15. Bxf6 Rxf6 16. Qc2 f4 17. Rfc1 fxg3 18. hxg3 c6 19. bxc6 bxc6 20. Ng5 d5 21. Qb3 Kg7 22. Nf3 Qd6 23. a4 Bg4 24. Qb4 Qxb4 25. Rxb4 Bxf3 26. Bxf3 Nf5 27. Bg4 h5 28. Bxf5 gxf5 29. Rb7+ Kg6 30. Rb6 Rxa4 31. Rcxc6 Rxc6 32. Rxc6+ Kg5 33. Rc5 Rd4 34. Rc8 e4 35. Rg8+ Kf6 36. dxe4 dxe4 37. Kg2 Rd2 38. e3 Ke6 1/2-1/2

[Event "Porto Carras op 2nd"]
[Site "Porto Carras"]
[Date "2005.04.24"]
[Round "3"]
[White "Andronis, Vasilios"]
[Black "Makka, Ioulia"]
[Result "1/2-1/2"]
[WhiteElo "2057"]
[BlackElo "2250"]
[PlyCount "102"]
[EventDate "2005.04.22"]
[EventType "swiss"]
[EventRounds "9"]
[EventCountry "GRE"]
[SourceTitle "CBM 105 Extra"]
[Source "ChessBase"]
[SourceDate "2005.05.01"]
[SourceVersion "1"]
[SourceVersionDate "2005.05.01"]
[SourceQuality "1"]

1. Nf3 d5 2. c4 d4 3. g3 g6 4. Bg2 Bg7 5. d3 e5 6. 0-0 a5 7. e3 dxe3 8. fxe3 Ne7 9. Nc3 Nbc6 10. Nb5 0-0 11. d4 exd4 12. exd4 Bg4 13. Kh1 Nf5 14. Bf4 Ncxd4 15. Bxc7 Qc8 16. Qc1 Bh6 17. Qc3 Nxb5 18. cxb5 Ne3 19. Ne5 Nxg2 20. Nxg4 Qxg4 21. Kxg2 Qe2+ 22. Rf2 Qxb5 23. Bf4 Bg7 24. Qf3 Rad8 25. Rd1 Rxd1 26. Qxd1 Qb6 27. b3 Rd8 28. Qc1 Qb5 29. Rd2 Re8 30. Qd1 Bf8 31. Qf3 Bb4 32. Rf2 Bc5 33. Rc2 Ba7 34. Bh6 Qb6 35. Re2 Rxe2+ 36. Qxe2 Qc6+ 37. Qf3 Qxf3+ 38. Kxf3 f6 39. Bd2 Bb6 40. Ke4 Kf7 41. Kd5 Ke7 42. g4 Bc7 43. h3 Kd7 44. Bc3 Bd8 45. a4 b6 46. Bd4 h5 47. gxh5 gxh5 48. Be3 Bc7 49. Bd4 f5 50. Be5 Bd8 51. Bf4 Bf6 1/2-1/2

[Event "Porto Carras op 2nd"]
[Site "Porto Carras"]
[Date "2005.04.24"]
[Round "4"]
[White "Sand, Rolf"]
[Black "Andronis, Vasilios"]
[Result "1/2-1/2"]
[WhiteElo "2098"]
[BlackElo "2057"]
[PlyCount "62"]
[EventDate "2005.04.22"]
[EventType "swiss"]
[EventRounds "9"]
[EventCountry "GRE"]
[SourceTitle "CBM 105 Extra"]
[Source "ChessBase"]
[SourceDate "2005.05.01"]
[SourceVersion "1"]
[SourceVersionDate "2005.05.01"]
[SourceQuality "1"]

1. e4 d5 2. exd5 Qxd5 3. Nc3 Qa5 4. d4 c6 5. Nf3 Nf6 6. Bc4 Bf5 7. Ne5 e6 8. Bd2 Nbd7 9. Nxd7 Nxd7 10. Qe2 Bb4 11. 0-0-0 0-0-0 12. a3 Bxc3 13. Bxc3 Qc7 14. Bb3 Nf6 15. Kb1 Ne4 16. Be1 Qb6 17. Ka2 Rxd4 18. Rxd4 Qxd4 19. f3 Nf6 20. Bf2 Qd8 21. Bxa7 Qa5 22. Bd4 Rd8 23. Bc3 Qc5 24. Rd1 Nd5 25. Bxg7 Qe3 26. Re1 Qxe2 27. Rxe2 Nf4 28. Rf2 Rg8 29. Bd4 Rxg2 30. Rxg2 Nxg2 31. Bf2 Nf4 1/2-1/2

[Event "Piraeus-ch 40th"]
[Site "Egaleo"]
[Date "2004.12.11"]
[Round "9.3"]
[White "Alexakis, Dimitrios"]
[Black "Andronis, Vasilios"]
[Result "1/2-1/2"]
[WhiteElo "2244"]
[BlackElo "2023"]
[PlyCount "79"]
[EventDate "2004.11.13"]
[EventType "swiss"]
[EventRounds "9"]
[EventCountry "GRE"]
[SourceTitle "EXT 2024"]
[Source "ChessBase"]
[SourceDate "2023.10.10"]
[SourceVersion "1"]
[SourceVersionDate "2023.10.10"]
[SourceQuality "1"]

1. e4 d6 2. d4 Nf6 3. Nc3 g6 4. Be3 c6 5. f3 b5 6. Qd2 Nbd7 7. g4 Nb6 8. h4 h5 9. g5 Nfd7 10. f4 Bg7 11. Nf3 0-0 12. Bd3 Nc4 13. Bxc4 bxc4 14. 0-0 d5 15. exd5 cxd5 16. Nxd5 Bb7 17. Nc3 Nb6 18. Rad1 Nd5 19. Nxd5 Qxd5 20. c3 Rac8 21. Qg2 Rfd8 22. Rde1 Rd6 23. Bc1 Re6 24. Rxe6 Qxe6 25. Kf2 Qf5 26. Re1 e6 27. Qg3 Rd8 28. Be3 Rd6 29. a3 Rb6 30. Bc1 Rb3 31. Ne5 Bxe5 32. dxe5 Rb5 33. Qe3 Kg7 34. Rd1 Qg4 35. Rd7 Qg2+ 36. Ke1 Bf3 37. f5 Qg3+ 38. Kf1 Qg2+ 39. Ke1 Qh1+ 40. Kf2 1/2-1/2

[Event "Aegean op 27th"]
[Site "Aghios Kirykos"]
[Date "2004.07.13"]
[Round "1"]
[White "Tassopoulos, Marios"]
[Black "Andronis, Vasilios"]
[Result "1-0"]
[WhiteElo "2234"]
[BlackElo "2011"]
[PlyCount "71"]
[EventDate "2004.07.13"]
[EventType "swiss"]
[EventRounds "9"]
[EventCountry "GRE"]
[SourceTitle "CBM 101 Extra"]
[Source "ChessBase"]
[SourceDate "2004.09.01"]
[SourceVersion "2"]
[SourceVersionDate "2004.09.01"]
[SourceQuality "1"]

1. e4 d6 2. d4 Nf6 3. Nc3 g6 4. f4 Bg7 5. e5 Ng4 6. Be2 h5 7. Nf3 0-0 8. 0-0 c6 9. h3 Nh6 10. Be3 a5 11. Qd2 Na6 12. Nh2 Nf5 13. g4 Nxe3 14. Qxe3 hxg4 15. hxg4 Nb4 16. Rad1 f5 17. exf6 Rxf6 18. Ne4 Re6 19. f5 Nd5 20. Qf3 gxf5 21. gxf5 Rh6 22. Ng4 Rh4 23. Qg3 Rxg4 24. Bxg4 Qb6 25. f6 Bxg4 26. Qxg4 exf6 27. Nxf6+ Nxf6 28. Rxf6 Re8 29. Qd7 Bxf6 30. Qxe8+ Kg7 31. Rd2 Bxd4+ 32. Kh1 c5 33. Rg2+ Kf6 34. Rg6+ Kf5 35. Qe6+ Kf4 36. Rg4+ 1-0

[Event "Nikaia op 12th"]
[Site "Nikaia"]
[Date "2004.??.??"]
[Round "4"]
[White "Andronis, Vasilios"]
[Black "Kokolias, Konstantinos"]
[Result "0-1"]
[WhiteElo "2010"]
[BlackElo "2200"]
[PlyCount "82"]
[EventDate "2004.08.??"]
[EventType "swiss"]
[EventRounds "9"]
[EventCountry "GRE"]
[SourceTitle "EXT 2007"]
[Source "ChessBase"]
[SourceDate "2006.11.23"]
[SourceVersion "1"]
[SourceVersionDate "2006.11.23"]
[SourceQuality "1"]

1. d4 d5 2. c4 c6 3. Nf3 Nf6 4. Nc3 dxc4 5. a4 Bf5 6. e3 e6 7. Bxc4 Bb4 8. 0-0 0-0 9. Nh4 Nbd7 10. Nxf5 exf5 11. Qc2 g6 12. e4 Bxc3 13. bxc3 Nxe4 14. Ba3 c5 15. dxc5 Nexc5 16. Rad1 Qc7 17. Rd5 b6 18. Qd2 Nf6 19. Bxc5 bxc5 20. Rxf5 Ne4 21. Qf4 Qxf4 22. Rxf4 Nxc3 23. Rc1 Nxa4 24. Bb5 Nb6 25. Rxc5 Rac8 26. Rxc8 Rxc8 27. g3 a5 28. h4 Ra8 29. Ba4 Nxa4 30. Rxa4 h5 31. Kg2 Kf8 32. Kf3 Ke7 33. Ke4 Kd6 34. Kd4 Kc6 35. Ke5 Kb5 36. Ra1 a4 37. Kf6 Ra7 38. f4 Kb4 39. f5 Ra6+ 40. Kxf7 gxf5 41. Rf1 a3 0-1

[Event "Athens SAE op"]
[Site "Athens"]
[Date "2001.10.15"]
[Round "3.2"]
[White "Paraskevaidis, Vasilios"]
[Black "Andronis, Vasilios"]
[Result "1-0"]
[WhiteElo "2043"]
[BlackElo "2078"]
[PlyCount "83"]
[EventDate "2001.10.08"]
[EventType "swiss"]
[EventRounds "7"]
[EventCountry "GRE"]
[SourceTitle "EXT 2003"]
[Source "ChessBase"]
[SourceDate "2002.11.25"]
[SourceVersion "1"]
[SourceVersionDate "2002.11.25"]
[SourceQuality "1"]

1. d4 Nf6 2. c4 g6 3. Nf3 Bg7 4. g3 0-0 5. Bg2 d6 6. 0-0 c5 7. Nc3 Nc6 8. Bg5 cxd4 9. Nxd4 Bd7 10. Bxf6 Bxf6 11. e3 Rc8 12. b3 Bg7 13. Rc1 Kh8 14. Nd5 e5 15. Nb5 Bf5 16. Ndc3 Qa5 17. Nxd6 Rcd8 18. c5 Qxc5 19. Ncb5 Qb6 20. Qe2 a6 21. Nxf5 gxf5 22. Bxc6 bxc6 23. Na3 Rd5 24. Rfd1 Rfd8 25. Nc4 Qb5 26. Qh5 e4 27. Rxd5 cxd5 28. Nd6 Qd7 29. Nxf7+ Kg8 30. Nxd8 d4 31. exd4 Bxd4 32. Qf7+ Qxf7 33. Nxf7 Kxf7 34. Kf1 e3 35. fxe3 Bxe3 36. Rc7+ Kg8 37. Ke2 f4 38. Rc6 a5 39. Ra6 Bg1 40. gxf4 Bxh2 41. Kf3 h5 42. Rh6 1-0

[Event "Patras op 3rd"]
[Site "Patras"]
[Date "2001.07.19"]
[Round "2"]
[White "Andronis, Vasilios"]
[Black "Khurtsidze, Nino"]
[Result "0-1"]
[WhiteElo "2078"]
[BlackElo "2446"]
[PlyCount "64"]
[EventDate "2001.07.18"]
[EventType "swiss"]
[EventRounds "9"]
[EventCountry "GRE"]
[SourceTitle "CBM 083 Extra"]
[Source "ChessBase"]
[SourceDate "2001.09.11"]
[SourceVersion "1"]
[SourceVersionDate "2001.09.11"]
[SourceQuality "1"]

1. d4 Nf6 2. Nf3 e6 3. e3 c5 4. Bd3 b6 5. c3 Ba6 6. Bxa6 Nxa6 7. Ne5 Be7 8. Nd2 0-0 9. Qe2 Nb8 10. f4 d6 11. Qf3 Nd5 12. Nd3 cxd4 13. exd4 Nc6 14. 0-0 f5 15. a3 Bf6 16. Qe2 Qd7 17. Nf3 b5 18. Nb4 Na5 19. Nxd5 exd5 20. a4 bxa4 21. Qa6 Bd8 22. b4 Nc4 23. Rxa4 Bb6 24. Ra1 Rfe8 25. Qa2 h6 26. Ba3 Re3 27. Rac1 Qa4 28. Rfe1 Qxa3 29. Qc2 Rf8 30. Nh4 Rxc3 31. Qe2 Rxc1 32. Qe6+ Kh7 0-1

[Event "Epikinonias op 4th"]
[Site "Athens"]
[Date "2000.06.02"]
[Round "9"]
[White "Kiriazis, Dimitrios"]
[Black "Andronis, Vasilios"]
[Result "1-0"]
[WhiteElo "2003"]
[BlackElo "2033"]
[PlyCount "44"]
[EventDate "2000.05.07"]
[EventType "swiss"]
[EventRounds "9"]
[EventCountry "GRE"]
[SourceTitle "EXT 2004"]
[Source "ChessBase"]
[SourceDate "2003.11.25"]
[SourceVersion "1"]
[SourceVersionDate "2003.11.25"]
[SourceQuality "1"]

1. e4 c6 2. d4 d5 3. Nd2 dxe4 4. Nxe4 Bf5 5. Ng3 Bg6 6. Nf3 h5 7. Ne5 e6 8. Nxg6 fxg6 9. Bd3 Ne7 10. 0-0 Nf5 11. Nxf5 gxf5 12. Re1 Qxd4 13. Rxe6+ Kd7 14. Qe2 Qg4 15. f3 Bc5+ 16. Kh1 Qd4 17. Bg5 g6 18. Rd1 Kc7 19. Bf6 Qb4 20. Bxh8 Nd7 21. Bc3 Qh4 22. Be5+ Kb6 1-0